[Event "Vesterhavsturneringen GM 1982"]
[Site "Esbjerg"]
[Date "1982.??.??"]
[Round "11"]
[White "Mortensen, Erling"]
[Black "Westerinen, Heikki"]
[Result "1/2-1/2"]
[WhiteElo "2440"]
[BlackElo "2410"]
[PlyCount "76"]
[EventDate "1982.??.??"]

1. e4 e5 2. Nf3 Nc6 3. Bb5 a6 4. Ba4 d6 5. O-O Bd7 6. d4 b5 7. Bb3 exd4 8. c3
dxc3 9. Qd5 Qe7 10. Nxc3 Nf6 11. Qd1 Na5 12. Nd5 Qd8 13. Bg5 Nxb3 14. axb3 Be7
15. Nxe7 Qxe7 16. Re1 Bg4 17. Qc1 O-O 18. e5 dxe5 19. Nxe5 Qb4 20. h3 Bc8 21.
Bxf6 gxf6 22. Nc6 Qh4 23. Qc3 Be6 24. Rad1 Rae8 25. Rd4 Qh6 26. Re3 Kh8 27. Rf3
Rg8 28. Kh2 Rg6 29. Rdf4 Bd5 30. Rxf6 Rxf6 31. Rxf6 Qg7 32. g4 Re2 33. Kg3 Rc2
34. Qxc2 Qxf6 35. Na5 Qe5+ 36. Kh4 Qf6+ 37. Kg3 Qe5+ 38. Kh4 Qf6+ 1/2-1/2